Statistiques concernant 15 principaux pays touchés par Covid-19 - 23 novembre

Cliquez ici pour prendre le quiz!

Statistiques générales

  • Ce quiz a été pris 37 fois
  • Le résultat moyen est 12 sur 25

Statistiques - réponses

pays% Correct
France
100%
Etats-Unis
97%
Allemagne
91%
Russie
91%
Italie
88%
Brésil
84%
Espagne
84%
Mexique
78%
Royaume-Uni
78%
Pologne
66%
Inde
63%
Argentine
59%
Belgique
56%
Suisse
44%
Colombie
34%
Pérou
31%
Iran
19%
Slovénie
13%
Tchèquie
9%
Israël
3%
Panama
3%
Arménie
0%
Bahreïn
0%
Koweït
0%
Qatar
0%

Distribution des résultats

Percentile par nombre de réponses

% des personnes avec chaque résultat

Votre développement - résultats

Vous n’avez pas pris ce quiz